000 00703nam a22002297a 4500
003 UA-OsUOA
001 35792
007 ta
008 20051215b un ||||| |||| 00| 0 ukr d
090 _a336.13(477)
_bР64
942 _cBK
040 _aUA-OsUOA
_bukr
_cUA-OsUOA
_dUA-OsUOA
245 _aРозвиток фінансового сектора та економічне зростання
_cЗа ред. А. І. Даниленка, М. М. Загуменнова
300 _a238 с.
955 _a2
041 _aukr
080 _a336.13(477)
020 _a966-2-1925-3
260 _aК.
_bІнститут економіки НАН України
_c2001
650 7 _2UDC
999 _c322126
_d322126